Vecinos Animal Crossing - Estadísticas

Estadísticas generales
  • Esta prueba ha sido intentada 4 veces
  • La puntuación promedio es 18 de 406
Estadísticas de respuestas
Respuesta % Correcto
Aurora
50%
Bobi
50%
Fabiola
50%
Fauna
50%
Luna
50%
Morfeo
50%
Parches
50%
Álex
25%
Alexis
25%
Apolo
25%
Arándano
25%
Aspidora
25%
Avutardo
25%
Bambina
25%
Bayo
25%
Berta
25%
Bombo
25%
Celeste
25%
Cube
25%
Eli
25%
Erika
25%
Feli
25%
Felina
25%
Gatomán
25%
Gladis
25%
Gloria
25%
Harpo
25%
Herminia
25%
Hugo
25%
Julia
25%
Katia
25%
Leoncio
25%
Linda
25%
Lluvia
25%
Lope
25%
Lupo
25%
Mariló
25%
Marlo
25%
Martina
25%
Munchi
25%
Natacha
25%
Natura
25%
Nenúfar
25%
Norma
25%
Ópalo
25%
Pascual
25%
Pécora
25%
Poncho
25%
Pupas
25%
Ratolón
25%
Regina
25%
Rita
25%
Ronda
25%
Sabana
25%
Saperto
25%
Saponcio
25%
Simón
25%
Soonia
25%
Sumo
25%
Tere
25%
Tiffany
25%
Tristán
25%
Úrsula
25%
Vera
25%
Viviana
25%
Adela
0%
Agreste
0%
Aída
0%
Alba
0%
Albino
0%
Alderia
0%
Aliste
0%
Almendra
0%
Altramuz
0%
Amalio
0%
Amanda
0%
Amnesio
0%
Amparo
0%
Anabel
0%
Anacarda
0%
Aníbal
0%
Anquita
0%
Antípoda
0%
Antonio
0%
Aquilino
0%
Aria
0%
Ariel
0%
Aristo
0%
Arni
0%
Arsenio
0%
Artorito
0%
Astillas
0%
Astrid
0%
Ataúlfo
0%
Aurelia
0%
Auri
0%
Ava
0%
Avelina
0%
Azabache
0%
Azalea
0%
Azucena
0%
Azulino
0%
Babú
0%
Bárbara
0%
Bea
0%
Beelén
0%
Belinda
0%
Benito
0%
Bernabé
0%
Bernardo
0%
Bianca
0%
Bobo
0%
Boliche
0%
Bollito
0%
Boni
0%
Boquerón
0%
Boris
0%
Bovi
0%
Braulio
0%
Brie
0%
Brinco
0%
Brisa
0%
Brito
0%
Brócoli
0%
Bronco
0%
Brunilda
0%
Bruno
0%
Bunga
0%
Burton
0%
Cabrálex
0%
Cabriola
0%
Cachemir
0%
Cacho
0%
Camelio
0%
Camember
0%
Camila
0%
Cana
0%
Canberra
0%
Cándida
0%
Cándido
0%
Carla
0%
Carmela
0%
Carmelo
0%
Carnerio
0%
Cerecita
0%
Cerillo
0%
Cervasio
0%
César
0%
Charo
0%
Chema
0%
Chipi
0%
Chocolat
0%
Chuchi
0%
Chusquis
0%
Cirano
0%
Cleo
0%
Clorinda
0%
Clotilde
0%
Cocoloca
0%
Codrila
0%
Colmillo
0%
Comando
0%
Coni
0%
Corcelia
0%
Cornelio
0%
Cornio
0%
Corvilo
0%
Cousteau
0%
Crinaldo
0%
Crispín
0%
Croaldo
0%
Croco
0%
Cuálter
0%
Cuqui
0%
Curtis
0%
Cuzco
0%
Deira
0%
Déivid
0%
Ágata
0%
Amelia
0%
Dentina
0%
Marita
0%
Quique
0%
Dori
0%
Draco
0%
Dragonio
0%
Dulce
0%
Eloísa
0%
Elvis
0%
Encina
0%
Ernesto
0%
Espork
0%
Estallón
0%
Eto
0%
Eucalín
0%
Eustakio
0%
Fardilia
0%
Felicia
0%
Felipe
0%
Félix
0%
Fibrilio
0%
Filberto
0%
Fleco
0%
Flopi
0%
Franela
0%
Franfuá
0%
Fredo
0%
Frida
0%
Furio
0%
Gabino
0%
Gastón
0%
Germán
0%
Gorbaché
0%
Gorrelmo
0%
Groucho
0%
Gruñerto
0%
Gruñón
0%
Güiñón
0%
Gus
0%
Hanalulú
0%
Hans
0%
Hebra
0%
Hipóleo
0%
Hipólita
0%
Isadora
0%
Jacinto
0%
Jacobo
0%
Jaime
0%
Jarrea
0%
Jazmín
0%
Jeremías
0%
Jereza
0%
Jimena
0%
Jones
0%
Jota
0%
Kabuki
0%
Kaimán
0%
Kasandra
0%
Kétchup
0%
Kikolor
0%
Koloa
0%
Lali
0%
Lanolina
0%
Leocadio
0%
Leopoldo
0%
Liana
0%
Lili
0%
Lilu
0%
Lionel
0%
Lizi
0%
Lola
0%
Lotar
0%
Lou
0%
Lucho
0%
Luisa
0%
Lupe
0%
Lupita
0%
Magenta
0%
Margarí
0%
Marina
0%
Martita
0%
Marujita
0%
Matracas
0%
Mayra
0%
Melba
0%
Melina
0%
Méloni
0%
Menta
0%
Meralda
0%
Merina
0%
Micha
0%
Micifuz
0%
Miguelón
0%
Miki
0%
Minina
0%
Miranda
0%
Mirta
0%
Misi
0%
Moe
0%
Monet
0%
Mónica
0%
Monique
0%
Montse
0%
Morania
0%
Muaré
0%
Nabar
0%
Nachete
0%
Nana
0%
Narciso
0%
Naricia
0%
Negrea
0%
Nicolás
0%
Nieves
0%
Norberto
0%
Octavio
0%
Octoberto
0%
Ofelia
0%
Olaf
0%
Olivia
0%
Orestes
0%
Orsón
0%
Osalina
0%
Osunio
0%
Ottina
0%
Ovinia
0%
Pablo
0%
Paloma
0%
Pando
0%
Paolo
0%
Paquito
0%
Pati
0%
Paticio
0%
Patri
0%
Paulino
0%
Peggy
0%
Perla
0%
Petín
0%
Petri
0%
Pichón
0%
Picuet
0%
Piluca
0%
Pinta
0%
Pipo
0%
Pirolo
0%
Pit
0%
Plácido
0%
Plumerio
0%
Porcinio
0%
Praliné
0%
Priscila
0%
Prity
0%
Protón
0%
Pugilda
0%
Purita
0%
Radiolo
0%
Ráfaga
0%
Ramina
0%
Ramón
0%
Ranobot
0%
Ranolfo
0%
Rayo
0%
Rebeca
0%
Repollo
0%
Ricardo
0%
Rina
0%
Rino
0%
Río
0%
Rizolda
0%
Rocío
0%
Roco
0%
Rodeo
0%
Rodi
0%
Roelio
0%
Rogelio
0%
Roque
0%
Rosalina
0%
Rosanari
0%
Rosezna
0%
Rosi
0%
Roswell
0%
Rubí
0%
Rufino
0%
Rufueto
0%
Saltiago
0%
Saltonio
0%
Sansón
0%
Sátiro
0%
Sato
0%
Serafino
0%
Sidney
0%
Silvana
0%
Solomín
0%
Soraya
0%
Surfín
0%
Surfleo
0%
Susi
0%
Talia
0%
Tami
0%
Tania
0%
Teddy
0%
Teobaldo
0%
Tiansheng
0%
Tití
0%
Tomeo
0%
Tono
0%
Torcuato
0%
Tricia
0%
Trotón
0%
Trufas
0%
Tutú
0%
Ulises
0%
Uno
0%
Vacarena
0%
Venada
0%
Vesta
0%
Victoria
0%
Violeta
0%
Vitorino
0%
Vladimir
0%
Wanda
0%
Wolfi
0%
Yuka
0%
Yuki
0%
Zapirón
0%
Zelanda
0%
Zoilo
0%
No se encontraron pruebas coincidentes
Distribución de puntuación
Porcentaje de gente con cada puntuación
Porcentaje por número respondido
Historial de tus puntuaciones
No has intentado esta prueba.